000 00294nam a22001337a 4500
008 181019b xxu||||| |||| 00| 0 eng d
020 _a9780226823379
041 _aeng
080 _27th
_a371
100 _a46
101 _aEDU
245 _aA Manual for Writers
_cBoth,W.C
942 _2udc
_cBK
999 _c50253
_d50253